000 01014nam a2200253 a 4500
001 79968
003 BD-RjUL
005 20230730135512.0
008 220614s2022 bg ||||| |||| 00| 0 ben d
020 _a9789849452182
035 _a(BD-RjUL)79968
040 _aBD-RjUL
_beng
_cBD-RjUL
041 _aben
082 _223
_a398.2095492
_bBIB 2023
100 _aবিশ্বাস, উদয় শংকর
_93603
245 1 0 _aবাংলাদেশের প্রাতিষ্ঠানিক ফোকলোর চর্চা /
_cউদয় শংকর বিশ্বাস
260 _aঢাকা :
_bশুভ্র প্রকাশ,
_c২০২২,২০২৩
300 _a২৮৭ পৃ.;
_c২২ সেমি.
650 _a ফোকলোর
_zবাংলাদেশ
_93604
650 _aFolklore
_zBangladesh
650 _aফোকলোর
_xঅধ্যয়ন এবং শিক্ষণ
_93605
650 _aFolklore
_xStudy and teaching
_93606
942 _2ddc
_cBK
999 _c79968
_d79968